A Helyi Önkormányzat Európai Chartája
Elmentve itt :
| Szerző: | |
|---|---|
| Adatforrás: | Meister |
| Forrásdokumentuma: | Korunk. - 6 sz., 1990, 744-748 p. |
| Nyelv: | magyar |
| Kulcsszavak: | nemzetközi jog jogtudomány politikai dokumentumok Helyi Önkormányzat Európai Chartája |
| LEADER | 00436nab a2200157 i 4500 | ||
|---|---|---|---|
| 001 | bibPRO00001688 | ||
| 008 | 060524s1990 xx hun | ||
| 040 | |a Sz1 | ||
| 041 | |a hun | ||
| 100 | 1 | |a ZZZ | |
| 245 | 1 | 2 | |a A Helyi Önkormányzat Európai Chartája |c ZZZ |
| 695 | |a nemzetközi jog | ||
| 695 | |a jogtudomány | ||
| 695 | |a politikai dokumentumok | ||
| 695 | |a Helyi Önkormányzat Európai Chartája | ||
| 773 | 0 | |t Korunk. - |g 6 sz., 1990, 744-748 p. | |